Statistics for What's That Estonian Compound Word?

Click here to take the quiz!

General Stats

  • This quiz has been taken 288 times
    (37 since last reset)
  • The average score is 16 of 20

Answer Stats

Estonian wordLiteral translationActual translation% Correct
PealinnMain cityCapital
97%
NärimiskummChewing rubberGum
97%
RaamatukoguBook placeLibrary
97%
KäekellArm clockWatch
91%
LemmikloomFavourite animalPet
85%
HapukurkSour cucumberPickle
85%
PealuuHead boneSkull
85%
VihmavariRain shadeUmbrella
85%
UnenäguSleep sightingDream
82%
SõjavägiWar forceMilitary
82%
JalanõuFoot containerShoe
82%
MetskitsForest goatDeer
76%
MagustoitSweet foodDessert
76%
TaskurätikPocket towelHandkerchief
76%
JalgratasLeg wheelBike
74%
KaheksajalgEight legOctopus
65%
ÕhupallAir ballBalloon
62%
RaudteeIron roadRails
59%
VaenelapsPoor kidOrphan
50%
TorumeesPipe manPlumber
50%

Score Distribution

Percentile by Number Answered

Percent of People with Each Score

Your Score History

You have not taken this quiz since the last reset